MARC

LEADER 00000nam0a2200000 4500
001 306368
005 20231102001904.0
035 |a (RuTPU)RU\TPU\book\331645 
090 |a 306368 
100 |a 20151006d1971 km y0rusy50 ca 
101 0 |a rus 
102 |a RU 
105 |a a z 001zy 
200 1 |a Расчет электронных схем на ЭЦВМ  |f Б. И. Белов, И. П. Норенков 
210 |a Москва  |c Машиностроение  |d 1971 
215 |a 143 с.  |c ил. 
225 1 |a Вычислительная техника 
320 |a Библиогр.: с. 140-141 
606 1 |a Электронные схемы  |x Расчет  |2 stltpush  |3 (RuTPU)RU\TPU\subj\20522  |9 45621 
610 1 |a расчет на ЭВМ 
610 1 |a переключательные схемы 
610 1 |a нелинейные элементы 
610 1 |a цифровые модели 
610 1 |a цифровое моделирование 
610 1 |a применение 
610 1 |a проектирование 
610 1 |a внешние факторы 
610 1 |a влияние 
610 1 |a выходные параметры 
675 |a 621.38.061.001  |v 3 
700 1 |a Белов  |b Б. И.  |g Борис Иванович 
701 1 |a Норенков  |b И. П.  |g Игорь Петрович 
801 1 |a RU  |b 63413507  |c 20151006 
801 2 |a RU  |b 63413507  |c 20200305  |g RCR 
942 |c BK